Missing Word: Freaks and Geeks Quiz Stats

 Plays Quiz Updated Sep 13, 2014

Challenge
Share
Tweet
Embed
Score 0/24 Timer 03:00
0 Plays Today
Hint Missing Word % Correct
James FrancoMan
99.5%
Seth RogenVirgin
96.6%
James FrancoPlanet
96.5%
Linda CardelliniDoo
95.2%
Jason SegelLove
93.1%
Jason SegelTravels
90.7%
Seth RogenGreen
88%
Jason SegelSarah
87.8%
James FrancoPray
86.5%
Linda CardelliniLegally
76.2%
James FrancoPineapple
70.8%
Seth RogenDupree
67.1%
Hint Missing Word % Correct
Jason SegelFive
67%
Seth RogenKnocked
49.7%
James FrancoTristan
48.1%
Jason SegelThis
48%
Linda CardelliniBrokeback
39.4%
Jason SegelDespicable
38.7%
Seth RogenFunny
37.6%
James FrancoBreakers
30.7%
Linda CardelliniBoy
23.6%
Seth RogenGuilt
21.9%
Linda CardelliniGlick
8.3%
Linda CardelliniAmerican
2.7%

Today's Daily Dose

You're not logged in!

Compare scores with friends on all Sporcle quizzes.
OR
Log In

You Might Also Like...

Show Comments

Extras

Top Quizzes Today


Score Distribution

Your Account Isn't Verified!

In order to create a playlist on Sporcle, you need to verify the email address you used during registration. Go to your Sporcle Settings to finish the process.

Report this User

Report this user for behavior that violates our Community Guidelines.

Details: